000 00622nam a22001697a 4500
005 20251108163352.0
008 250721s1998 xx 000 0 ara d
082 1 4 _a001.64/حمد
100 1 _aحمدان، موسى عبد الله
245 1 0 _aتطبيقات الحاسوب في المهن التجارية :
_bاعمال السكرتاريا و إدارة المكاتب و المحاسبة و الإحصاء /
246 1 1 _aDOS , Windows , Windword,6. - , excel 6.0 Win 9.5
264 1 _aعمان :
_bدار صفاء،
_c1998.
300 _a176ص.
650 1 7 _aالحواسيب
942 _2ddc
_cBK
999 _c933
_d933